Základy teórie funkcie komplexnej premennej
Na minha lista:
| Autor principal: | |
|---|---|
| Formato: | Livro |
| Idioma: | eslovaco |
| Publicado em: |
Bratislava :
Alfa,
1981
|
| Tags: |
Sem tags, seja o primeiro a adicionar uma tag!
|
MARC
| LEADER | 00000nam a22000003a 4500 | ||
|---|---|---|---|
| 001 | stu87484 | ||
| 005 | 20150617225630.4 | ||
| 008 | 040604s1981------------------------slo-d | ||
| 040 | |a STU |b slo | ||
| 041 | 0 | |a slo | |
| 080 | |a 517.53(075.8) |7 stu_us_auth*stu12430 | ||
| 100 | 1 | |a Púchovský, František |4 aut | |
| 245 | 1 | |a Základy teórie funkcie komplexnej premennej | |
| 260 | |a Bratislava : |b Alfa, |c 1981 | ||
| 300 | |a 156 s | ||
| 996 | |b E55530 |c E*55530 |l EE03 |s P |a 0 |w stu87484_0001 | ||